| 000 | 01374nam a2200241Ia 4500 | ||
|---|---|---|---|
| 999 |
_c39737 _d39737 |
||
| 001 | 6342 | ||
| 003 | GE_BSU | ||
| 005 | 20191003170435.0 | ||
| 008 | 181216s1956||||ge |||||||||||||| ||geo|| | ||
| 040 | _cGE_BSU | ||
| 041 | _ageo | ||
| 080 | _a94(47+57),,1941-1945" :821 ბ-32 | ||
| 100 |
_aბაქრაძე, დავით _94485 |
||
| 245 |
_aგმირთა სისხლით : _b კოვპაკის პარტიზანული შენაერთის მონაწილის ჩანაწერები. წიგნი მეორე / _cდავით ბაქრაძე ; რედ. რ. ორჯონიკიძე ; მხატვ. ო, ვარვარაძე. |
||
| 264 |
_aთბილისი : _bსახელგამი ; _c1956. |
||
| 300 |
_a464 გვ.; _bილ. ; _c20 სმ. |
||
| 653 | _aგმირთა სისხლით | ||
| 653 | _aქართველები დიდ სამამულო ომში | ||
| 653 | _aპარტიზანული მოძრაობა დიდ სამამულო ომში | ||
| 700 |
_aორჯონიკიძე, რ. _eრედაქტორი _94486 |
||
| 700 |
_aვარვარაძე. ო. _eმხატვარი _94487 |
||
| 942 |
_cBK _2udc |
||